000 00247nam a2200121Ia 4500
003 LDD
040 _cLDD
041 _aen
245 0 _aIASSI quarterly : to be entered
260 _c1 Jul-31 Dec,2006
362 _a25-25
_b01-Feb
942 _2ddc
_cJ
999 _c179610
_d179610